| 000 | 00575nam a2200205Ia 4500 | ||
|---|---|---|---|
| 003 | OSt | ||
| 005 | 20250501150112.0 | ||
| 008 | 220927b |||||||| |||| 00| 0 eng d | ||
| 020 | _a0710092954 | ||
| 037 | _cReference Collections | ||
| 040 |
_aSDCL _cSDCL _beng |
||
| 041 |
_2eng _aeng |
||
| 084 | _aw1,M M2 RR | ||
| 100 |
_aWintle, Justin Ed. _9474796 |
||
| 245 | 0 | _aMakers of nineteenth cencury culture 1800-1914. | |
| 260 |
_aLondon : _bRoutledge and Kegan Paul, _c1982. |
||
| 300 | _axxi,709p | ||
| 942 |
_cREF _2CC _n0 |
||
| 999 |
_c787354 _d787354 |
||